Регионална библиотека "Любен Каравелов" - Русе

Елхица-хубавица (Запис номер 189377)

MARC детайли
000 -Лидер
Контролно поле с фиксирана дължина 02007nam a2200409 c 4500
003 - Код на организацията, давaща контролен номер
Контролно поле BLK
005 - Дата и час на последна редакция
Контролно поле 20230512091153.0
008 - Елементи от данни с фиксирана дължина
fixed length control field 180411b bul|||||r ||||||| ||bul||
010 ## - Наследен системен номер
LC control number KNG00198415000
020 ## - Международен стандартен номер на книга ISBN
Международен стандартен номер на книга ISBN 978-954-660-241-1
-- издат.: ПАН
040 ## - Източник на каталожния запис
Идентификатор на билиотеката - собственик на записа BLK
041 ## - Код за език
Код за езика на текст/звукозапис или на отделно заглавие Български
Код за езика КДБФ Български
072 #7 - Код за тематичната категория
Код организация bullib
Код за тематична категория Н85
Текст Детска художествена литература Н
080 ## - УДК
Текстов определител УДК Българска литература
УДК код - определител по УДК 821.163.2
УДК определител -93-1
УДК - код + определител 821.163.2-93-1
080 ## - УДК
Текстов определител УДК Българска литература
УДК код - определител по УДК 821.163.2
УДК определител -93-193.1
УДК - код + определител 821.163.2-93-193.1
100 1# - Редна дума - Автор
Автор Александрова, Петя
Автор - информация (биография) Иванова, Петя Александрова
R(LIN) 368035
139 ## - Редно поле
Редна дума Елхица-хубавица
Авторски знак Елн - Е 55
245 10 - Сведения за заглавието
Заглавие Елхица-хубавица
Подзаглавни данни Стихотворения и гатанки за Коледа
Редно поле (дума) Петя Александрова; * Петя Александрова Иванова; ил. Красимир Ризов.
257 ## - Страна на издаване
Страна на създаване/издаване България
260 ## - Област на издателските данни
-- София
Име на издателя, разпространителя и проч. ПАН
Година на издаване 2016
300 ## - Физическа характеристика
Страници 16 с.
Илюстрации и др. с цв. ил.
Размери/Мащаб 24 см
380 ## - Жанр
Жанр Детска худож. лит.
490 1# - СЕРИИ (Колекции)
Име на серия Стихотворения и гатанки за Коледа
500 ## - Общи забележки
Забележка Кор. опис. - Други авт. : Кр. Машев, Д. Габе, Ст. Дринов, Л. Русанов, Мл. Исаев, А. Жекова, Д. Спасов, Ц. Лалев, Й. Стубел, Л. Станчев, Л. Милева, Й. Друмников.
653 ## - Ключова дума – ненормативна
Ключова дума стихотворения за деца
653 ## - Ключова дума – ненормативна
Ключова дума гатанки
653 ## - Ключова дума – ненормативна
Ключова дума литература за деца
653 ## - Ключова дума – ненормативна
Ключова дума детска литература
659 ## - Тематичен бюлетин
Тематичен бюлетин Н
700 1# - Други автори (авторска отговорност)
Лично име Иванова, Петя Александрова
Автороска отговорност (Описва отношението между автора и произведението) *
9 (RLIN) 336394
700 1# - Други автори (авторска отговорност)
Лично име Ризов, Красимир
Автороска отговорност (Описва отношението между автора и произведението) ил.
9 (RLIN) 376339
852 ## - Местоположение
Форматна сигнатура Цб 283638
856 4# - Електронен адрес и достъп
Електронен формат pdf - файл
Път до файла /url/
856 4# - Електронен адрес и достъп
Електронен формат pdf - файл
Път до файла /url/
942 ## - АРТИКУЛИ
Вид на библиотечния материал Книги
Скрит в OPAC Не
Koha issues (borrowed), all copies 9
944 ## - СЪЗДАВАНЕ И РЕДАКЦИЯ на ЗАПИСА
Създаване/Редакция Създаване
Дата на регистрацията/редакция 16.12.2016
Статус, дата на статуса ф /
Служител, извършил регистрацията/редакцията Виолета_Тройчева
944 ## - СЪЗДАВАНЕ И РЕДАКЦИЯ на ЗАПИСА
Създаване/Редакция Редакция
Дата на регистрацията/редакция 20.12.2016
Статус, дата на статуса ф /
Служител, извършил регистрацията/редакцията Людмила_Стоянова
999 ## - СИСТЕМНИ КОНТРОЛНИ НОМЕРА
Koha biblionumber 189377
Koha biblioitemnumber 189377
Наличности
Код за отписване Код за изгубен артикул Код за повреда Коз за рестрикции Код за отдаване Артикулен № Име на библиотеката - собственик Име на библиотеката, в която се намира в момента Статус (Текущо местоположение) Дата на вписване в системата Местоположение - отдел Цена в лева Инвентарен номер Систематично азбучна сигнатура Баркод Номер на екземпляра Цена в евро Служебна бележка Служебен тип на артикула
  Не е изгубен Не е повреден без рестрикции заемане за дома 333191 Регионална библиотека "Любен Каравелов" Русе Регионална библиотека "Любен Каравелов" Русе Детски отдел 2016-12-21 Детски отдел 1.50 120000806714 ДХ 886.7/Е 55 120000806714 1 0.77 Дост: Pk Вид: Ф N: 475 Дата: 19.12.2016 Книги
  Не е изгубен Не е повреден без рестрикции заемане за дома 333192 Регионална библиотека "Любен Каравелов" Русе Регионална библиотека "Любен Каравелов" Русе Детски отдел 2016-12-21 Детски отдел 1.50 120000806715 ДХ 886.7/Е 55 120000806715 2 0.77 Дост: Pk Вид: Ф N: 475 Дата: 19.12.2016 Книги
Vip Innovations Ltd, Rousse, Bulgaria 2025